Türkiye'de anayasalar ve siyaset (Record no. 10718)

MARC details
000 -BAŞLIK
Sabit Uzunlukta Kontrol Alanı 00798na a2200277 4500
001 - KONTROL NUMARASI
Denetim Alanı 24479
003 - KONTROL NUMARASI IDENTIFIER
Denetim Alanı MIRAKIL
005 - SON İŞLEM TARİHİ VE ZAMANI
Denetim Alanı 20181213155331.0
008 - SABİT-BOY VERİ ELEMANLARI - GENEL BİLGİLER
Sabit Uzunlukta Kontrol Alanı 181116b tu 000 0
020 ## - ULUSLARARASI STANDART KİTAP NUMARASI
Uluslararası Standart Kitap Numarası 9789756877685
040 ## - KATALOGLAMA KAYNAK
Orijinal Kataloglama Ajansı Milas
Kataloglama Dili tur
Metne Dönüştürmek Ajansı TR-AnCHP
041 ## - DİL KODU
Metin / Ses Parça Veya Ayrı Başlığın Dil Kodu tur
082 ## - DEWEY ONLU SINIFLANDIRMA NUMARASI
Sınıflandırma Numarası 342.561
Ürün Numarası E62t 2003
090 ## - SINIFLAMA NUMARASI
Sınıflama Numarası 342.561 E62t 2003
100 ## - ANA GİRİŞ - KİŞİSEL İSİM
Kişisel Ad Erdoğan, Mustafa
245 ## - BAŞLIK TABLOSU
Başlık Türkiye'de anayasalar ve siyaset
Sorumluluk Tablosu, Vb Mustafa Erdoğan
250 ## - EDITION TABLOSU
Baskı Beyanı gözd. gçrl. ve gnşl. 4. bs.
260 ## - YAYIN, DAĞITIM, VB
Yayın, Dağıtım, Vb Yeri Ankara
Yayıncı, Dağıtıcı, Vs Adı Liberte Yayın Grubu
Yayın, Dağıtım, Vb Tarihi 2003
300 ## - FİZİKSEL TANIM
Kapsam 271 s.
Boyutlar 19 sm.
440 ## - SERİSİ TABLOSU / KATMA GİRİŞİ - BAŞLIK
Başlık Liberte Yayınları
Hacim / Ardışık Tanımı 80
504 ## - KAYNAKÇA VB NOT
Kaynakça Vb Notu Kaynakça ve dizin var
650 ## - KONU KATMA GİRİŞ - TOPİKAL DÖNEM
Topikal Süreli Veya Coğrafi Ad Giriş Elemanı Anayasa ve siyaset
Genel Alt Bölümü Türkiye
650 ## - KONU KATMA GİRİŞ - TOPİKAL DÖNEM
Topikal Süreli Veya Coğrafi Ad Giriş Elemanı Anayasa
Genel Alt Bölümü Tarih
Coğrafi Alt Bölümü Türkiye
650 ## - KONU KATMA GİRİŞ - TOPİKAL DÖNEM
Topikal Süreli Veya Coğrafi Ad Giriş Elemanı Siyaset ve yönetim
Genel Alt Bölümü Türkiye
942 ## - EKLENDİ GİRİŞ ELEMANLARI (KOHA)
Sınıflandırma Veya Raf Düzeni Kaynak
Koha Öğesi Türü Books
999 ## - SİSTEM KONTROL NUMARALARI (KOHA)
Koha Biblionumber 10718
Koha Biblioitemnumber 10718
Holdings
Kalıcı Konum Mevcut Konum Edinme Tarihi Edinim Kaynak Toplam Check-Out'Lar Tam Çağrı Numarası Barkod Tarih Son Görülme İtibaren Geçerli Fiyatlar Sigara Kamu Notu Koha Öğesi Türü
CHP Kütüphanesi CHP Kütüphanesi 11/16/2018 Bağış   342.561 E62t 2003 018415 11/16/2018 11/16/2018 Bağışlayan: Ertuğrul Çepni Books